Lập báo cáo hiện trạng môi trường : Sách tra cứu về phương pháp tiếp và tiếp cận
Tài liệu nhằm khuyến khích công tác đánh giá và lập báo cáo môi trường, UNEP cung cấp các thông tin môi trường để hổ trợ xây dựng chính sách phát triển bền vững quốc tế.
Đã lưu trong:
| Formáid: | Leabhar |
|---|---|
| Teanga: | Undetermined |
| Foilsithe: |
Hà Nội
Cục Môi trường
|
| Ábhair: | |
| Clibeanna: |
Cuir Clib Leis
Gan Chlibeanna, Bí ar an gcéad duine leis an taifead seo a chlibeáil!
|
| Thư viện lưu trữ: | Trung tâm Học liệu Trường Đại học Cần Thơ |
|---|
| LEADER | 00809nam a2200157Ia 4500 | ||
|---|---|---|---|
| 001 | CTU_141752 | ||
| 008 | 210402s9999 xx 000 0 und d | ||
| 082 | |a 658.408 | ||
| 082 | |b L123 | ||
| 245 | 0 | |a Lập báo cáo hiện trạng môi trường : | |
| 245 | 0 | |b Sách tra cứu về phương pháp tiếp và tiếp cận | |
| 260 | |a Hà Nội | ||
| 260 | |b Cục Môi trường | ||
| 520 | |a Tài liệu nhằm khuyến khích công tác đánh giá và lập báo cáo môi trường, UNEP cung cấp các thông tin môi trường để hổ trợ xây dựng chính sách phát triển bền vững quốc tế. | ||
| 650 | |a Environment,Environmental information | ||
| 980 | |a Trung tâm Học liệu Trường Đại học Cần Thơ | ||